La teoría del silencio administrativo en la legislación y en la jurisprudencia española (Record no. 110852)

MARC details
000 -LEADER
campo de control de longitud fija 00950nam a2200229 i 4500
001 - NÚMERO DE CONTROL
campo de control 110852
003 - IDENTIFICADOR DE NÚMERO DE CONTROL
campo de control ES-MaACL
005 - FECHA Y HORA DE LA ÚLTIMA TRANSACCIÓN
campo de control 20260127062540.0
008 - DATOS DE LONGITUD FIJA--INFORMACIÓN GENERAL
campo de control de longitud fija 070201s1932 sp |||| | spa d
080 ## - NÚMERO DE LA CLASIFICACIÓN DECIMAL UNIVERSAL
Número de la Clasificación Decimal Universal 35.078(460)
100 1# - ENTRADA PRINCIPAL--NOMBRE DE PERSONA
Nombre de persona Redondo, Pedro.
9 (RLIN) 95822
245 13 - MENCIÓN DEL TÍTULO
Título La teoría del silencio administrativo en la legislación y en la jurisprudencia española
Resto del título : conferencia pronunciada en la Academia Nacional de Jurisprudencia y Legislación /
Mención de responsabilidad, etc. por Pedro Redondo.
260 ## - PUBLICACIÓN, DISTRIBUCIÓN, ETC.
Lugar de publicación, distribución, etc. Madrid :
Nombre del editor, distribuidor, etc. Reus,
Fecha de publicación, distribución, etc. 1932.
300 ## - DESCRIPCIÓN FÍSICA
Extensión 48 p. ;
Dimensiones 18 cm.
490 1# - MENCIÓN DE SERIE
Mención de serie Publicaciones de la Real Academia de Jurisprudencia y Legislación ;
Designación de volumen o secuencia 82
594 ## - Nota al título y mención de responsabilidad
Nota al título y mención de responsabilidad El 10 de enero de 1931.
650 #4 - PUNTO DE ACCESO ADICIONAL DE MATERIA--TÉRMINO DE MATERIA
Término de materia o nombre geográfico como elemento de entrada Silencio (Derecho)
9 (RLIN) 170854
700 ## - ENTRADA AGREGADA--NOMBRE PERSONAL
Nombre de persona Real Academia de Jurisprudencia y Legislación de España
9 (RLIN) 217612
830 0# - PUNTO DE ACCESO ADICIONAL DE SERIE-TÍTULO UNIFORME
Título uniforme Publicaciones de la Real Academia de Jurisprudencia y Legislación ;
Designación de volumen o secuencia 82
9 (RLIN) 180630
852 ## - LOCALIZACIÓN
Ubicación ES-MaACL
Número de control de estantería L-5246
Holdings
Estatus retirado Estado de pérdida Estado de daño No para préstamo Biblioteca de origen Biblioteca actual Ubicación en estantería Fecha de adquisición Fuente de adquisición Total de préstamos Signatura topográfica completa Código de barras Visto por última vez Precio de reemplazo Tipo de ítem Koha
        Biblioteca del Ateneo de Madrid Biblioteca del Ateneo de Madrid Depósito 2 17/01/2008     L-5246 1115661 23/02/2023 23/02/2023 Libro impreso